• 首页
  • 本馆介绍
  • 公告通知
  • 最新文献
  • 馆藏检索
  • 电子资源
  • 读者导购
  • 参考咨询
  • 我的图书馆
  • 登录
  • 详细信息显示
  • 放入我的书架
  • 预约/预借图书
  • 作者相关作品
  • 分类相关作品
  • 丛书相关作品
  • 出版社相关作品

书目信息

  • 表格格式
  • 工作单格式
  • 卡片格式
题名:
苏联的教育管理
    
 
作者: 帕纳钦 , Паначйн 著 ;李子卓 译
分册:  
出版信息: 北京   文化教育出版社  1982
页数: 249页
开本: 19cm
丛书名:
单 册:
中图分类: G551.23
科图分类:
主题词: 教育管理学--苏联
电子资源:
ISBN:
000 00851nam0 2200265 450
001 1558297494
005 20150129172539.87
010    @dCNY0.61
091    @a7057.064
100    @a19951002d1982 em y0chiy0110 ea
101 1  @achi@crus
102    @aCN@b110000
105    @ay z 000yy
200 1  @a苏联的教育管理@9su lian de jiao yu guan li@f(苏)帕纳钦(Ф.Г.Паначин)著@g李子卓译
210    @a北京@c文化教育出版社@d1982
215    @a249页@d19cm
300    @a书名原文:Управление просвещением в CCCP
510 1  @aУправление просвещением в CCCP@zrus
606 0  @a教育管理学@y苏联
690    @aG551.23@v5
701  1 @a帕纳钦@9pa na qin@bФ.Г.@4著
701  1 @aПаначйн@bФ.Г.@4著
702  0 @a李子卓@9li zi zhuo@4译
801  0 @aCN@bTSSF@c20150129
905    @aZUCC@dG551.23@eJY1
    
    苏联的教育管理/(苏)帕纳钦(Ф.Г.Паначин)著/李子卓译.-北京:文化教育出版社,1982
    249页;19cm
    书名原文:Управление просвещением в CCCP
    
    ISBN :CNY0.61
    
●
相关链接 在E读中查询图书 在五车中查询图书 在当当中查询图书 在豆瓣中查询图书


正题名:苏联的教育管理     索取号:G551.23/JY1         预约/预借

序号 登录号 条形码 馆藏地/架位号 状态 备注
1 7860348   278603487   学院路分馆/ [索取号:G551.23/JY1] 在馆    
2 7861019   278610193   学院路分馆/ [索取号:G551.23/JY1] 在馆    
唐山师范学院图书馆 欢迎您!
大连网信软件有限公司© 版权所有